000 00588nam a2200241Ia 4500
003 OSt
005 20221005122142.0
006 a|||||r|||| 00| 0
007 ta
008 221004b |||||||| |||| 00| 0 eng d
024 _a63215
037 _cTextual
040 _aCRL
_cCRL
_beng
041 _2eng
_aeng
082 _aS8:4, L12
100 _aCook Mark
_985015
245 0 _aInterpersonal perception
260 _c1971
490 _aPenguin science of behaviour
650 _aPSYCHOLOGY
942 _hS8:4, L12
_cTEXL
_2cc
999 _c1043422
_d1043422